Access by Design (Record no. 118648)

MARC details
000 -LEADER
fixed length control field 00864cas a22002415a 4500
001 - CONTROL NUMBER
control field ##L99090
008 - FIXED-LENGTH DATA ELEMENTS--GENERAL INFORMATION
fixed length control field 070713c1990 xxkqr p 0 a0eng
022 1# - INTERNATIONAL STANDARD SERIAL NUMBER
International Standard Serial Number 0959-1591
035 ## - SYSTEM CONTROL NUMBER
System control number (Sirsi) u99090
041 0# - LANGUAGE CODE
Language code of text/sound track or separate title eng
110 2# - MAIN ENTRY--CORPORATE NAME
Corporate name or jurisdiction name as entry element Centre for Accessible Environments
245 00 - TITLE STATEMENT
Title Access by Design
260 3# - PUBLICATION, DISTRIBUTION, ETC.
Place of publication, distribution, etc. London
Name of publisher, distributor, etc. Centre for Accessible Environments
Date of publication, distribution, etc. 1990-
362 0# - DATES OF PUBLICATION AND/OR SEQUENTIAL DESIGNATION
Dates of publication and/or sequential designation (73) May-August 1997-
520 ## - SUMMARY, ETC.
Summary, etc. Kept for five years
520 ## - SUMMARY, ETC.
Summary, etc. Website includes the full text of selected recent articles and an index of past articles from (63) 1994.
554 ## -
-- Four per year
651 #4 - SUBJECT ADDED ENTRY--GEOGRAPHIC NAME
Geographic name United Kingdom
Chronological subdivision
690 ## - LOCAL SUBJECT ADDED ENTRY--TOPICAL TERM (OCLC, RLIN)
Topical term or geographic name as entry element BUILT ENVIRONMENT-BUILDING MAINTENANCE AND REFURBISHMENT-BUILDING ADAPTATION
856 41 - ELECTRONIC LOCATION AND ACCESS
Uniform Resource Identifier <a href="https://www.cae.org.uk/cae_publications/abd.html">https://www.cae.org.uk/cae_publications/abd.html</a>
Public note View selected articles at www.cae.org.uk...
942 ## - ADDED ENTRY ELEMENTS (KOHA)
Suppress in OPAC 0
948 ## - LOCAL PROCESSING INFORMATION (OCLC); SERIES PART DESIGNATOR (RLIN)
c (OCLC) 22/07/1997
Holdings
Withdrawn status Lost status Source of classification or shelving scheme Damaged status Not for loan Home library Current library Shelving location Date acquired Total Checkouts Full call number Barcode Date last seen Price effective from Koha item type
    Other/Generic Classification Scheme     London London Gallery 07/01/2004   ACCESS BY DESIGN 99090-1001 06/08/2019 06/08/2019 Journal